The law of fraud benami transactions and fraudulent transfers in India / (Record no. 127262)

MARC details
000 -LEADER
fixed length control field 00839nam a22002537a 4500
005 - DATE AND TIME OF LATEST TRANSACTION
control field 20170124110022.0
010 ## - LIBRARY OF CONGRESS CONTROL NUMBER
LC control number A-363828
020 ## - INTERNATIONAL STANDARD BOOK NUMBER
Terms of availability 225.00
035 ## - SYSTEM CONTROL NUMBER
System control number A-363828
037 ## - SOURCE OF ACQUISITION
Source of stock number/acquisition Cen Lib/Ret
040 ## - CATALOGING SOURCE
Original cataloging agency DPL
Language of cataloging EN
082 ## - DEWEY DECIMAL CLASSIFICATION NUMBER
Classification number 345.0263
Item number DHO
100 ## - MAIN ENTRY--PERSONAL NAME
Personal name Dhodi, D. R
9 (RLIN) 19946
245 ## - TITLE STATEMENT
Title The law of fraud benami transactions and fraudulent transfers in India /
Statement of responsibility, etc by D R Dhodi [and] H. L. Sarin; revised by K. M. L. Nigam
260 ## - PUBLICATION, DISTRIBUTION, ETC. (IMPRINT)
Place of publication, distribution, etc Allahabad
Name of publisher, distributor, etc University Book Agency
Date of publication, distribution, etc 1989
270 ## - ADDRESS
Address 15-B, Elgin Road Post Box No. 63
City Allahabad
Postal code 211001
300 ## - PHYSICAL DESCRIPTION
Extent xxxi,436p.
Dimensions 24cm(Hb)
500 ## - GENERAL NOTE
General note Includes index<br/><br/>
650 ## - SUBJECT ADDED ENTRY--TOPICAL TERM
Topical term or geographic name as entry element Fraud -- India
9 (RLIN) 19947
650 ## - SUBJECT ADDED ENTRY--TOPICAL TERM
Topical term or geographic name as entry element Benami transactions
9 (RLIN) 19948
700 ## - ADDED ENTRY--PERSONAL NAME
Personal name Sarin, H. L.
9 (RLIN) 19949
700 ## - ADDED ENTRY--PERSONAL NAME
Personal name Nigam, K. M. L.
9 (RLIN) 19950
942 ## - ADDED ENTRY ELEMENTS (KOHA)
Source of classification or shelving scheme Dewey Decimal Classification
Koha item type English Books
Classification part 345.0263
Call number suffix DHO
Holdings
Withdrawn status Lost status Damaged status Not for loan Home library Current library Date acquired Source of acquisition Cost, normal purchase price Total Checkouts Full call number Barcode Date last seen Copy number Cost, replacement price Price effective from Koha item type
        Central Library Central Library 29/06/2015 Cen Lib/Ret 225.00   345.0263 DHO A-363828 29/06/2015 1 225.00 29/06/2015 English Books

© Delhi Public Library
Hit Counter
free hit counter